Statistics for Europe by Capitals and Borders in 30 Seconds

Click here to take the quiz!

General Stats

  • This quiz has been taken 48,343 times
  • The average score is 33 of 45

Answer Stats

Country % Correct
France
98%
Spain
96%
Switzerland
96%
Italy
96%
Germany
94%
Austria
91%
Poland
89%
United Kingdom
89%
Belgium
88%
Russia
88%
Norway
87%
Finland
87%
Netherlands
87%
Luxembourg
85%
Ukraine
84%
Belarus
83%
Andorra
82%
Czech Republic
81%
Slovenia
81%
Ireland
81%
Sweden
78%
Lithuania
77%
North
Macedonia
75%
Bulgaria
75%
Portugal
74%
Hungary
74%
Latvia
73%
Slovakia
71%
Greece
71%
Romania
71%
Serbia
70%
Estonia
69%
Vatican City
68%
Denmark
67%
San Marino
67%
Albania
67%
Croatia
61%
Monaco
60%
Montenegro
57%
Bosnia and
Herzegovina
53%
Moldova
49%
Liechtenstein
41%
Kosovo
41%
Iceland
37%
Malta
15%

Score Distribution

Percentile by Number Answered

Percent of People with Each Score

Your Score History

You have not taken this quiz